| 000 | 01073nam a22003617a 4500 | ||
|---|---|---|---|
| 001 | BR0603915 | ||
| 003 | BR-BrBNA | ||
| 005 | 20230928102248.0 | ||
| 007 | ta | ||
| 008 | 230509b bl.||||| |||| 00| 0 por d | ||
| 040 |
_aBR-BrBNA _bpor _cBiblioteca Nacional de Agricultura |
||
| 041 | _a(Por) | ||
| 072 |
_aL51; U10 _b5240 |
||
| 090 | _ 5240 BR0603915 | ||
| 100 | 1 | _aDias, R.S. | |
| 110 | 1 |
_aCentro de Energia Nuclear na Agricultura, Piracicaba, SP (Brasil) _0Tese (Doutor em Ciências) |
|
| 245 | 1 | _aEstudo do metabolismo do fósforo utilizando modelos matemáticos | |
| 260 | 3 |
_aPiracicaba, SP (Brasil): _c2006. |
|
| 300 | _a104 p. | ||
| 500 | _aSummaries (Eng, Por); Bibliography p. 93-104; 19 tables | ||
| 650 | _aOVINO | ||
| 650 | _aRUMINANTE | ||
| 650 | _aNUTRIÇÃO ANIMAL | ||
| 650 | _aFÓSFORO | ||
| 650 | _aCÁLCIO | ||
| 650 | _aMETABOLISMO ANIMAL | ||
| 650 | _aNUTRIENTE MINERAL | ||
| 650 | _aMODELO MATEMÁTICO | ||
| 650 | _aSUPLEMENTO ALIMENTAR | ||
| 650 | _aMISTURA MINERAL | ||
| 909 |
_a202309 _bLucia _c55 _dLucia Elande |
||
| 942 | _cBK | ||
| 999 |
_c69910 _d69910 |
||